Plan Puebla Panamá: El Istmo de Tehuantepec, Imán para la superexplotación /

Na minha lista:
Detalhes bibliográficos
Autor principal: Fazio, Carlos
Formato: Texto
Assuntos:
Tags: Adicionar Tag
Sem tags, seja o primeiro a adicionar uma tag!

MARC

LEADER 00000 a a2200000 04500
001 3736
003
040
100 |a Fazio, Carlos  
245 |a Plan Puebla Panamá:   |b El Istmo de Tehuantepec, Imán para la superexplotación /  |c Carlos Fazio 
650 |a ZONAS DE LIBRE COMERCIO  
650 |a PROBLEMAS SOCIALES  
773 |g número 181 -182; páginas 25-36  
999 |c 25057  |d 25057